Länder, die an die Nachbarländer der Schweiz grenzen - Statistiken

Allgemein
  • Dieses Quiz wurde 456 mal gespielt
  • Das Durchschnittsergebnis liegt bei 18 aus 22
Antwortstatistiken
Staat % Korrekt
Belgien
97%
Spanien
96%
Tschechien
96%
Polen
95%
Niederlande
94%
Dänemark
93%
Slowenien
93%
Luxemburg
92%
Ungarn
90%
Andorra
89%
San Marino
89%
Italien
88%
Österreich
88%
Slowakei
87%
Vatikanstadt
87%
Frankreich
86%
Liechtenstein
86%
Deutschland
83%
Monaco
83%
Schweiz
44%
Brasilien
32%
Suriname
27%
Keine übereinstimmenden Quizze gefunden
Verteilung der Resultate
Anzahl Personen mit jedem Resultat
Perzentil nach korrekt beantworteten Fragen
Ihre Resultats-Entwicklung
Sie haben dieses Quiz noch nicht gespielt